Normal view
MARC view
- مهارات الاستماع-مهارات الحديث-الادب-اساليب تدريس-اللغة العربية-مهارات اللغة العربية
Entry Topical Term
001 - CONTROL NUMBER
- control field: 23872
003 - CONTROL NUMBER IDENTIFIER
- control field: JO-AjAnu
005 - DATE AND TIME OF LATEST TRANSACTION
- control field: 20230606074111.0
008 - FIXED-LENGTH DATA ELEMENTS
- fixed length control field: 230606|| aca||aabn | a|a d
040 ## - CATALOGING SOURCE
- Original cataloging agency: JO-AjAnu
- Transcribing agency: JO-AjAnu
150 ## - HEADING--TOPICAL TERM
- Topical term or geographic name entry element: مهارات الاستماع-مهارات الحديث-الادب-اساليب تدريس-اللغة العربية-مهارات اللغة العربية
670 ## - SOURCE DATA FOUND
- Source citation: Work cat.: (JO-AjAnu)12273: تاليف حسن البجة،عبد الفتاح, author 23871, أساليب تدريس مهارات اللغة العربية وآدابها